00845nam a2200205 i 4500001000700000003000900007005001700016008004100033100004300074245006200117250001200179260003700191300003900228490006300267600007800330830006800408852002200476999001900498952012200517186898ES-MaACL20250809104048.0170227s1932 sp |||| | spa d1 aMelgar, Francisco (d1903-1971)97994810aDon Jaime el principe caballero / cpor Francisco Melgar. a1ª ed. aMadrid : bEspasa-Calpe, c1932. a248 p., [4]p. de lám. ; c18 cm.1 aVidas Españolas e Hispanoamericanas del Siglo XIX ; v2414aBorbón y Borbón-Parma, Jaime de,cDuque de Madrid,d1870-1931916189200aVidas españolas e hispanoamericanas del siglo XIXv249192640 aES-MaACLjC-23235 c186898d186898 00104070aATENEOMbATENEOMcDEPO2d2017-02-27eSCl0oC-23235p1197138r2023-02-23 00:00:00w2023-02-23yMONOGRAFIA